[Event "Landesliga Nord 9900"]
[Site "Bayern"]
[Date "1999.10.10"]
[Round "1.4"]
[White "Kreuzer, Gerhard"]
[Black "Rohrbach, Frank"]
[Result "1-0"]
[WhiteElo "2175"]
[BlackElo "2100"]
[PlyCount "75"]
[EventDate "1999.10.10"]
[EventType "team-tourn"]
[EventRounds "9"]
[EventCountry "GER"]
[SourceTitle "EXT 2020"]
[Source "ChessBase"]
[SourceDate "2019.10.17"]
[SourceVersion "1"]
[SourceVersionDate "2019.10.17"]
[SourceQuality "1"]
[WhiteTeam "Kelheim"]
[BlackTeam "Erlangen TB"]
[WhiteTeamCountry "GER"]
[BlackTeamCountry "GER"]

1. c4 Nf6 2. g3 e6 3. Bg2 d5 4. Nf3 dxc4 5. Qa4+ Nbd7 6. Qxc4 c5 7. d3 Bd6 8. 0-0 a6 9. a4 b6 10. Nd4 b5 11. Qa2 Nd5 12. Bxd5 exd5 13. Qxd5 Nb6 14. Qe4+ Qe7 15. Qc6+ Qd7 16. Qxb6 Rb8 17. Qc6 cxd4 18. axb5 axb5 19. Qe4+ Be7 20. Bf4 Rb6 21. Be5 Re6 22. Qxd4 Qxd4 23. Bxd4 Rxe2 24. Bxg7 Rg8 25. Bd4 Rg4 26. Nc3 Rxb2 27. Ne4 Rc2 28. Rfe1 Be6 29. h3 Rg6 30. Kh2 f5 31. Nc3 b4 32. Nb5 Kf7 33. Ra7 b3 34. Nd6+ Kf8 35. Ra8+ Bd8 36. Rxd8+ Ke7 37. Nb7 Rc7 38. Rb8 1-0

[Event "Landesliga Nord 9899"]
[Site "Bayern"]
[Date "1999.05.30"]
[Round "9.2"]
[White "Heimrath, Reiner"]
[Black "Kreuzer, Gerhard"]
[Result "1-0"]
[WhiteElo "2190"]
[BlackElo "2180"]
[PlyCount "57"]
[EventDate "1998.10.11"]
[EventType "team-tourn"]
[EventRounds "9"]
[EventCountry "GER"]
[SourceTitle "EXT 2020"]
[Source "ChessBase"]
[SourceDate "2019.10.17"]
[SourceVersion "1"]
[SourceVersionDate "2019.10.17"]
[SourceQuality "1"]
[WhiteTeam "Fuerth SF"]
[BlackTeam "Kelheim"]
[WhiteTeamCountry "GER"]
[BlackTeamCountry "GER"]

1. e4 c5 2. Nc3 Nc6 3. g3 g6 4. Bg2 Bg7 5. Nge2 d6 6. 0-0 b6 7. Rb1 Bb7 8. a3 Qd7 9. b4 h5 10. h3 0-0-0 11. d3 Kb8 12. Be3 Nd4 13. a4 Nxe2+ 14. Nxe2 Qxa4 15. Qd2 Qc6 16. c3 e6 17. Qa2 Ne7 18. bxc5 dxc5 19. d4 Bh6 20. f4 c4 21. Rb4 Rc8 22. Ra1 a6 23. d5 exd5 24. Rxb6 Qxb6 25. Bxb6 dxe4 26. Bd4 Rhe8 27. Rb1 Nc6 28. Qxa6 Rc7 29. Rxb7+ 1-0

[Event "Landesliga Nord 9899"]
[Site "Bayern"]
[Date "1999.04.11"]
[Round "7.2"]
[White "Kreuzer, Gerhard"]
[Black "Horther, Heinrich"]
[Result "1/2-1/2"]
[WhiteElo "2180"]
[BlackElo "2195"]
[PlyCount "49"]
[EventDate "1998.10.11"]
[EventType "team-tourn"]
[EventRounds "9"]
[EventCountry "GER"]
[SourceTitle "EXT 2020"]
[Source "ChessBase"]
[SourceDate "2019.10.17"]
[SourceVersion "1"]
[SourceVersionDate "2019.10.17"]
[SourceQuality "1"]
[WhiteTeam "Kelheim"]
[BlackTeam "Kronach"]
[WhiteTeamCountry "GER"]
[BlackTeamCountry "GER"]

1. c4 e6 2. Nf3 d5 3. g3 Nf6 4. Bg2 Be7 5. 0-0 0-0 6. d3 c6 7. Nc3 Qc7 8. e4 dxe4 9. dxe4 e5 10. h3 Rd8 11. Qe2 Bf8 12. Bg5 Nbd7 13. Rad1 Re8 14. Rd2 h6 15. Be3 Nb6 16. Nh4 Be6 17. b3 Rad8 18. Rxd8 Rxd8 19. Nf5 Qd7 20. Rd1 Qc8 21. g4 Rxd1+ 22. Qxd1 Qd7 23. Qe2 Ne8 24. Kh2 Kh7 25. Qd2 1/2-1/2

[Event "Landesliga Nord 9899"]
[Site "Bayern"]
[Date "1998.10.11"]
[Round "1.3"]
[White "Halbritter, Josef"]
[Black "Kreuzer, Gerhard"]
[Result "1/2-1/2"]
[WhiteElo "2060"]
[BlackElo "2180"]
[PlyCount "62"]
[EventDate "1998.10.11"]
[EventType "team-tourn"]
[EventRounds "9"]
[EventCountry "GER"]
[SourceTitle "EXT 2020"]
[Source "ChessBase"]
[SourceDate "2019.10.17"]
[SourceVersion "1"]
[SourceVersionDate "2019.10.17"]
[SourceQuality "1"]
[WhiteTeam "Neutraubling"]
[BlackTeam "Kelheim"]
[WhiteTeamCountry "GER"]
[BlackTeamCountry "GER"]

1. e4 c5 2. Nf3 Nc6 3. Nc3 g6 4. d4 cxd4 5. Nxd4 Bg7 6. Be3 d6 7. Qd2 Nf6 8. f3 Bd7 9. 0-0-0 a6 10. g4 h6 11. h4 b5 12. Be2 Qa5 13. Kb1 Ne5 14. g5 hxg5 15. hxg5 Nh5 16. f4 Nc4 17. Bxc4 bxc4 18. Nd5 Qxd2 19. Rxd2 Rc8 20. Nb6 Rc7 21. Nxd7 Kxd7 22. e5 c3 23. Rd3 cxb2 24. Nb3 Rhc8 25. exd6 exd6 26. Rhd1 Bf8 27. Nd4 Ng3 28. Rg1 Nf5 29. Nxf5 gxf5 30. Rd2 Re8 31. Bd4 Re4 1/2-1/2